ONE PUNCH MAN-5 (Record no. 12369)

MARC details
000 -LEADER
fixed length control field 00253nam a22000977a 4500
008 - FIXED-LENGTH DATA ELEMENTS--GENERAL INFORMATION
fixed length control field 230714b |||||||| |||| 00| 0 eng d
020 ## - INTERNATIONAL STANDARD BOOK NUMBER
International Standard Book Number 9781421569543
100 ## - MAIN ENTRY--PERSONAL NAME
Personal name GAUBATZ JAMES
9 (RLIN) 7696
245 ## - TITLE STATEMENT
Title ONE PUNCH MAN-5
260 ## - PUBLICATION, DISTRIBUTION, ETC. (IMPRINT)
Place of publication, distribution, etc. SAN FRANCISCO
Name of publisher, distributor, etc. 2022
Date of publication, distribution, etc. VIZ MEDIA
Holdings
Withdrawn status Lost status Source of classification or shelving scheme Damaged status Koha normalized classification for sorting Not for loan Home library Current library Shelving location Date acquired Total Checkouts Full call number Barcode Date last seen Date last checked out Price effective from Koha item type
    Dewey Decimal Classification   GAU_741_590000000000000   Good Samaritan School Library Good Samaritan School Library FICTION 07/14/2023 25 GAU741.59 GAU17689 10/08/2025 10/03/2025 07/14/2023 BOOK

Powered by Koha